Tomorrow's world /

Bibliographic Details
Main Author: Hunter, Evan, 1926-2005
Format: Book
Language:English
Published: New York : Avalon Books, [1956]

MARC

Tag First Indicator Second Indicator Subfields
LEADER 00000cam a2200000 4500
001 in00000056533
005 20151007082024.0
008 760812s1956 nyu 00011 eng
010 |a  56013301  
035 |a (OCoLC)02368161 
035 |9 AAF7258AM 
040 |a TXL  |c TXL  |d TXA  |d UtOrBLW 
049 |a TXAS  |c [1102403] 
050 0 0 |a PZ4.H945  |b To 
092 |a X 
100 1 |a Hunter, Evan,  |d 1926-2005. 
245 1 0 |a Tomorrow's world /  |c [by] Hunt Collins [pseudonym]. 
264 1 |a New York :  |b Avalon Books,  |c [1956] 
264 4 |c [©1956] 
300 |a 223 pages ;  |c 21 cm. 
336 |a text  |b txt  |2 rdacontent 
337 |a unmediated  |b n  |2 rdamedia 
338 |a volume  |b nc  |2 rdacarrier 
999 |a MARS 
999 f f |s 7e16d3e4-e965-386a-8065-c17debe0e795  |i cfaa15b4-4e56-37fc-80e6-78e974b95919  |t 0 
952 f f |p noncirc  |a Texas A&M University  |b College Station  |c Cushing Memorial Library & Archives  |d Cushing: Science Fiction (Does not check out)  |t 0  |e PZ4.H945 To  |h Library of Congress classification  |i unmediated -- volume  |m A14800444756 
998 f f |a PZ4.H945 To  |t 0  |l Cushing: Science Fiction (Does not check out)